000 00362nam a2200133Ia 4500
008 240624s9999 xx 000 0 und d
041 _aeng
082 _a658.421 THO
100 _aTHOMAS DAVID B
245 _aEXECUTIVE S GUIDE TO ENTERPRISE SOCIAL M
260 _c2011
_aNew Jersey
_bJohn Wiley and Sons
300 _axix, : 204 : p. : cm. ; 23
365 _c
_b27
999 _c17656
_d17656